[Event "chess.com SpeedChess Q2Sw"]
[Site "chess.com INT"]
[Date "2022.11.12"]
[Round "1"]
[White "Ladan, Nicholas"]
[Black "Sjugirov, Sanan"]
[Result "0-1"]
[BlackTitle "GM"]
[WhiteElo "2091"]
[BlackElo "2712"]
[WhiteFideId "30918855"]
[BlackFideId "4189302"]
[EventDate "2022.11.12"]

1. b3 d5 2. Bb2 Bf5 3. Nf3 e6 4. d3 h6 5. g3 Nf6 6. Bg2 Be7 7. O-O O-O 8. c4 c6
9. Nbd2 a5 10. a3 Bh7 11. Qc2 Na6 12. Rad1 Rc8 13. Qb1 Nc5 14. Qa1 Qb6 15. Qa2
Rfd8 16. Bd4 Qa6 17. Ra1 Ncd7 18. Bb2 b5 19. Rfc1 bxc4 20. bxc4 a4 21. Ne5 Nxe5
22. Bxe5 Qa7 23. h3 Nd7 24. Bb2 Bc5 25. Rf1 Rb8 26. Bc3 Bg6 27. Rab1 Rxb1 28.
Qxb1 Rb8 29. Qa1 Bf8 30. Bd4 Qa5 31. Nf3 Rb3 32. Bb2 Qb6 33. Bd4 Qb8 34. Ne5
Nxe5 35. Bxe5 Qb7 36. cxd5 exd5 37. Rc1 Rxa3 38. Qd4 Ra2 39. h4 a3 40. g4 h5 41.
gxh5 Bxh5 42. Qf4 Qe7 43. Kh2 Rxe2 44. Bd4 Qe6 45. Bh3 Bd6 46. Bxe6 Bxf4+ 47.
Kg2 Rxe6 48. Rxc6 Rxc6 0-1

[Event "chess.com SpeedChess Q2Sw"]
[Site "chess.com INT"]
[Date "2022.11.12"]
[Round "1"]
[White "Artemiev, Vladislav"]
[Black "Shuvalova, Polina"]
[Result "1-0"]
[WhiteTitle "GM"]
[BlackTitle "IM"]
[WhiteElo "2701"]
[BlackElo "2492"]
[WhiteFideId "24101605"]
[BlackFideId "24171760"]
[EventDate "2022.11.12"]

1. Nf3 Nf6 2. b3 d5 3. Bb2 e6 4. e3 Be7 5. c4 O-O 6. Nc3 dxc4 7. Bxc4 a6 8. O-O
b5 9. Be2 Bb7 10. Rc1 Nbd7 11. a4 b4 12. Nb1 a5 13. d3 c5 14. Nbd2 Nd5 15. Nc4
Bf6 16. d4 cxd4 17. Nxd4 Qe7 18. Bf3 Rfd8 19. Qc2 h6 20. Rfd1 Rdc8 21. Nb5 Bxb2
22. Qxb2 N7f6 23. Nbd6 Rd8 24. Nxb7 Qxb7 25. g3 Qe7 26. Qe5 Nd7 27. Qd6 Qxd6 28.
Nxd6 N7f6 29. Nc4 Ra7 30. e4 Rdd7 31. exd5 exd5 32. Ne5 Rd6 33. Nc6 Rc7 34. Nxa5
Rc3 35. Rxc3 bxc3 36. Be2 d4 37. Nc4 Re6 38. Kf1 Nd5 39. Bd3 Nb4 40. Na3 Rb6 41.
Nc2 Nc6 42. Bb5 Na5 43. Nxd4 Rd6 44. Ke2 Rxd4 45. Rxd4 c2 46. Rd8+ Kh7 47. Bd3+
g6 48. Bxc2 1-0

[Event "chess.com SpeedChess Q2Sw"]
[Site "chess.com INT"]
[Date "2022.11.12"]
[Round "1"]
[White "Musovic, Armin"]
[Black "Goltsev, Dmitry"]
[Result "0-1"]
[WhiteTitle "FM"]
[BlackTitle "FM"]
[WhiteElo "2276"]
[BlackElo "2232"]
[WhiteFideId "939935"]
[BlackFideId "24176710"]
[EventDate "2022.11.12"]

1. a3 g6 2. Nc3 Bg7 3. e4 Nf6 4. e5 Ng8 5. d4 d6 6. f4 dxe5 7. dxe5 Qxd1+ 8.
Nxd1 Nc6 9. Ne3 e6 10. Bd2 Nge7 11. O-O-O a6 12. Nf3 b6 13. Bd3 Bb7 14. Be4 h6
15. h4 O-O-O 16. Bc3 Kb8 17. h5 Nf5 18. Rhe1 Rxd1+ 19. Nxd1 Ng3 20. hxg6 Nxe4
21. Rxe4 fxg6 22. Re3 Ne7 23. g3 Nf5 24. Rd3 Nxg3 25. Nh4 Ne2+ 26. Kd2 Nxf4 27.
Rd7 Rg8 28. Ke3 g5 29. Nf3 Bc6 30. Rf7 Be8 31. Rf6 Nd5+ 32. Ke4 Bxf6 33. exf6 g4
34. Ng1 h5 35. Be5 Rg6 36. c4 Nxf6+ 37. Kf4 Nd7 38. Bc3 e5+ 39. Kg3 Rf6 40. Ne3
Bg6 41. Kh4 Rf2 42. Kg5 Bf7 43. Nf5 Nc5 44. Ng3 Rg2 45. N1e2 Ne4+ 46. Nxe4 Rxe2
47. Ng3 Rg2 48. Kh4 Bxc4 49. Bxe5 Rh2+ 50. Kg5 Bd3 51. Nxh5 Re2 52. Bg3 Rxb2 53.
Nf4 Be2 54. Kf5 Bf3 55. Ke5 Rb3 56. a4 Rb4 57. Ne6 Rxa4 58. Kf6 Rc4 59. Nxc7
Rxc7 60. Ke6 Kb7 61. Bxc7 Kxc7 0-1

[Event "chess.com SpeedChess Q2Sw"]
[Site "chess.com INT"]
[Date "2022.11.12"]
[Round "1"]
[White "Shipov, Sergei"]
[Black "Ljukin, Sergei"]
[Result "1-0"]
[WhiteTitle "GM"]
[BlackTitle "FM"]
[WhiteElo "2541"]
[BlackElo "2362"]
[WhiteFideId "4113624"]
[BlackFideId "14102200"]
[EventDate "2022.11.12"]

1. d4 d5 2. c4 c6 3. Nc3 Nf6 4. Nf3 dxc4 5. a4 Bf5 6. Nh4 Bc8 7. e3 e5 8. Bxc4
exd4 9. exd4 Be7 10. O-O O-O 11. Re1 Na6 12. Bxa6 bxa6 13. Nf3 Bg4 14. h3 Bh5
15. g4 Bg6 16. Ne5 Qc7 17. f4 h6 18. Qf3 Rac8 19. f5 Bh7 20. Bf4 Qb6 21. Rad1
Bb4 22. Kg2 Rfe8 23. Nc4 Qb7 24. Rxe8+ Rxe8 25. Be5 Nd5 26. Ne4 f6 27. Bd6 Kh8
28. Bc5 Bxc5 29. Nxc5 Qb4 30. Rc1 Bg8 31. Nxa6 Qxa4 32. Nc5 Qb4 33. Qf2 Nb6 34.
Nd6 Bd5+ 35. Kh2 Rd8 36. Ndb7 Re8 37. h4 Nc4 38. g5 Qxb2 39. Qxb2 Nxb2 40. g6
Nc4 41. Ra1 Ne3 42. Nd6 Rd8 43. Rxa7 Rxd6 44. Ne6 Bxe6 45. fxe6 1-0

[Event "chess.com SpeedChess Q2Sw"]
[Site "chess.com INT"]
[Date "2022.11.12"]
[Round "1"]
[White "Feng, Eric"]
[Black "Gokerkan, Cem Kaan"]
[Result "1-0"]
[BlackTitle "IM"]
[WhiteElo "1885"]
[BlackElo "2470"]
[WhiteFideId "30952590"]
[BlackFideId "6336760"]
[EventDate "2022.11.12"]

1. d4 Nf6 2. c4 g6 3. Nf3 Bg7 4. g3 O-O 5. Bg2 d6 6. O-O Nbd7 7. Nc3 e5 8. d5
Nh5 9. e4 h6 10. Nh4 Nhf6 11. Qe1 Nc5 12. Be3 a5 13. a3 Nb3 14. Rd1 Ng4 15. h3
Nxe3 16. Qxe3 Nd4 17. Nf3 Bd7 18. Ne2 Nxf3+ 19. Qxf3 f5 20. Qe3 Qf6 21. f4 exf4
22. Nxf4 Rae8 23. Qb3 Qxb2 24. Qxb2 Bxb2 25. Nxg6 Rf6 26. exf5 Rxf5 27. Nf4 Bxa3
28. Bf3 Bc5+ 29. Kg2 a4 30. Bg4 Rf7 31. Bxd7 Rxd7 32. Ne6 a3 33. Rd3 Ra8 34. Ra1
Bb4 35. Rb3 Ra4 36. g4 c5 37. Kg3 Rf7 38. Kh4 Rf2 39. Kh5 Kh7 40. h4 Ra8 41. g5
hxg5 42. hxg5 Rh2+ 43. Kg4 a2 44. Kg3 Rc2 45. Rh1+ Kg6 46. Rh6+ Kf7 47. Rf3+ Kg8
48. Rg6+ Kh7 49. Rg7+ Kh8 50. Kg4 Rg2+ 51. Kf5 Rh2 52. Rf1 a1=Q 53. Rxa1 Rxa1
54. Rxb7 Rf1+ 55. Kg6 Rf8 56. Nxf8 Kg8 57. Ne6 1-0

[Event "chess.com SpeedChess Q2Sw"]
[Site "chess.com INT"]
[Date "2022.11.12"]
[Round "1"]
[White "Nenezic, Marko"]
[Black "Costello, Alexander"]
[Result "1/2-1/2"]
[WhiteTitle "IM"]
[BlackTitle "IM"]
[WhiteElo "2510"]
[BlackElo "2224"]
[WhiteFideId "912123"]
[BlackFideId "2099659"]
[EventDate "2022.11.12"]

1. d4 Nf6 2. c4 e6 3. Nc3 Bb4 4. e3 d5 5. a3 Be7 6. b4 a5 7. b5 c5 8. bxc6 Nxc6
9. Nf3 O-O 10. Rb1 Ne4 11. Qc2 Nxc3 12. Qxc3 Rb8 13. Bd3 Bd7 14. O-O dxc4 15.
Bxc4 Bd6 16. e4 Ne7 17. Bb5 Bc6 18. Qd3 Qd7 19. Bd2 a4 20. Qc4 Bxb5 21. Rxb5
Rfc8 22. Qxa4 Ra8 23. Qb3 Rxa3 24. Qb1 Rb8 25. Rc1 h6 26. h3 Nc6 27. d5 exd5 28.
Rxd5 Qe6 29. Be3 Be7 30. Rb5 Ra4 31. Rxb7 Rba8 32. Qb5 Ra1 33. e5 Rxc1+ 34. Bxc1
Ra1 35. Qb2 Ra2 36. Qc3 Qd5 37. Kh2 Rxf2 38. Rb6 Bc5 39. Rb5 Nd4 40. Qxc5 Rxg2+
41. Kxg2 Qxf3+ 42. Kh2 Qf2+ 43. Kh1 Qf1+ 44. Kh2 Qf2+ 45. Kh1 Qe1+ 46. Kg2 Qe2+
47. Kg3 Qf3+ 48. Kh2 Qf2+ 1/2-1/2

[Event "chess.com SpeedChess Q2Sw"]
[Site "chess.com INT"]
[Date "2022.11.12"]
[Round "1"]
[White "Darini, Pouria"]
[Black "Duda, Jan-Krzysztof"]
[Result "0-1"]
[WhiteTitle "GM"]
[BlackTitle "GM"]
[WhiteElo "2405"]
[BlackElo "2731"]
[WhiteFideId "12502200"]
[BlackFideId "1170546"]
[EventDate "2022.11.12"]

1. e4 c6 2. d4 d5 3. e5 Bf5 4. h4 h5 5. Bd3 Bxd3 6. Qxd3 e6 7. Bg5 Qa5+ 8. Nd2
Ne7 9. Ne2 Nd7 10. O-O Qb5 11. c4 dxc4 12. Nxc4 Nd5 13. b3 a5 14. Ng3 f6 15.
exf6 gxf6 16. Qg6+ Kd8 17. Bd2 a4 18. Ne4 Ne7 19. Qf7 Qf5 20. Ned6 Qg6 21. Nxb7+
Kc7 22. Qxe6 Qf5 23. Qxf5 Nxf5 24. Nba5 Nxd4 25. Bf4+ Kc8 26. Rae1 Bb4 27. Re4
c5 28. Nd6+ Kc7 29. Nac4 Kc6 30. Be3 Ne2+ 31. Kh1 Nc3 32. Re6 a3 33. Nf5+ Kb7
34. Re7 Rhd8 35. Bf4 Nxa2 36. Rd1 Nc3 37. Rdxd7+ Rxd7 38. Rxd7+ Ka6 39. Rd6+ Kb7
40. Rd7+ Ka6 41. Nxa3 Bxa3 42. Rd6+ Kb5 43. f3 Bb2 44. Rxf6 Ne2 45. Nd6+ Kc6 46.
Bg5 Bxf6 47. Bxf6 Kxd6 48. Kh2 Ke6 49. Bg5 Kf5 50. Be3 Rc8 51. Bf2 Nf4 52. g3
Nd3 53. Be3 Re8 0-1

[Event "chess.com SpeedChess Q2Sw"]
[Site "chess.com INT"]
[Date "2022.11.12"]
[Round "1"]
[White "Barria Zuniga, Daniel"]
[Black "Theodorou, Nikolas"]
[Result "0-1"]
[WhiteTitle "IM"]
[BlackTitle "GM"]
[WhiteElo "2341"]
[BlackElo "2598"]
[WhiteFideId "3400816"]
[BlackFideId "4262875"]
[EventDate "2022.11.12"]

1. c4 Nf6 2. g3 g6 3. Bg2 Bg7 4. d4 O-O 5. Nc3 d6 6. e3 e5 7. Nge2 Re8 8. O-O a5
9. h3 h5 10. e4 Nbd7 11. d5 Nh7 12. f4 h4 13. g4 exf4 14. Bxf4 Ne5 15. b3 a4 16.
Nxa4 Nxc4 17. bxc4 Bxa1 18. Qxa1 Rxa4 19. Bh6 Re5 20. Bf4 f6 21. Bxe5 fxe5 22.
c5 Bd7 23. cxd6 cxd6 24. Qb2 b5 25. Nc3 Rc4 26. a3 Qb6+ 27. Kh1 Qd4 28. Nd1 Qxb2
29. Nxb2 Rc3 30. Rf3 Rc1+ 31. Rf1 Rc2 32. Nd3 Rc3 33. Nb4 Rxa3 34. Rc1 Ra4 35.
Rc7 Bxg4 36. hxg4 Rxb4 37. Rd7 Ng5 38. Rxd6 Kg7 39. Rb6 h3 40. Bf1 Rb1 41. Kg1
h2+ 42. Kxh2 Rxf1 43. Rxb5 Nxe4 44. d6 Nxd6 45. Rxe5 Nf7 46. Rc5 Rb1 47. Kg3 Rb4
48. Kh3 Kh6 49. Kg3 Ng5 50. Kh4 Rb1 51. Rc8 Rh1+ 52. Kg3 Nf7 53. Kf4 Rf1+ 54.
Kg3 Nd6 55. Rh8+ Kg5 56. Rd8 Ne4+ 57. Kg2 Rf4 58. Kh3 Nf6 59. Ra8 Nxg4 60. Ra5+
Rf5 61. Ra8 Nf6 62. Kg3 Rd5 63. Kg2 Rd3 64. Kg1 Nh5 65. Kf1 Rd2 66. Ke1 Rh2 67.
Ra2 Rh1+ 68. Kf2 Rh2+ 69. Kg1 Rxa2 0-1

[Event "chess.com SpeedChess Q2Sw"]
[Site "chess.com INT"]
[Date "2022.11.12"]
[Round "1"]
[White "Aradhya, Garg"]
[Black "Sreyas, Payyappat"]
[Result "0-1"]
[WhiteTitle "FM"]
[BlackTitle "FM"]
[WhiteElo "2289"]
[BlackElo "2145"]
[WhiteFideId "25006746"]
[BlackFideId "46674969"]
[EventDate "2022.11.12"]

1. d4 Nf6 2. Nf3 c5 3. d5 e6 4. c4 exd5 5. cxd5 d6 6. e4 g6 7. Bd3 Bg7 8. O-O
O-O 9. h3 c4 10. Bxc4 Nxe4 11. Re1 f5 12. Nbd2 Nf6 13. Ng5 h6 14. Ne6 Bxe6 15.
dxe6 Qe7 16. Qb3 Nc6 17. Nf3 Na5 18. Qb4 Nxc4 19. Qxc4 d5 20. Qb3 Rfd8 21. Nh4
Kh7 22. Qg3 Qe8 23. e7 Rd7 24. Re6 Qf7 25. Re1 Ne4 26. Qf4 Rxe7 27. Nf3 Rae8 28.
h4 Qf8 29. Rb1 Be5 30. Nxe5 Rxe5 31. Be3 Nf6 32. Red1 Re4 33. Qf3 Qd6 34. g3 Ng4
35. Bxa7 b6 36. Qb3 Rb4 37. Qxd5 Re1+ 38. Rxe1 Qxd5 39. Re7+ Kg8 40. Rc1 Qd8 41.
Rcc7 Nf6 42. Rg7+ Kh8 43. Rcf7 Re4 44. Bxb6 Qxb6 45. Kg2 Qc6 46. Kh2 Re1 47. f3
Qc2+ 48. Kh3 Rh1# 0-1

[Event "chess.com SpeedChess Q2Sw"]
[Site "chess.com INT"]
[Date "2022.11.12"]
[Round "1"]
[White "Balaji, Aaravamudhan"]
[Black "Hakobyan, Aram"]
[Result "0-1"]
[WhiteTitle "CM"]
[BlackTitle "GM"]
[WhiteElo "2353"]
[BlackElo "2613"]
[WhiteFideId "436224"]
[BlackFideId "13306677"]
[EventDate "2022.11.12"]

1. Nf3 d5 2. g3 Nf6 3. Bg2 c6 4. O-O Bg4 5. d3 Nbd7 6. Nbd2 e5 7. e4 dxe4 8.
dxe4 Bc5 9. h3 Bh5 10. Qe1 O-O 11. Nh4 Bg6 12. a4 a5 13. Kh1 Qc7 14. Nc4 Bb4 15.
c3 Be7 16. Ne3 Bxe4 17. Bxe4 Nxe4 18. Nef5 Ndf6 19. g4 h6 20. Bxh6 gxh6 21. Qe3
Rfd8 22. Nxh6+ Kf8 23. g5 Ke8 24. gxf6 Nxf6 25. N4f5 Rd5 26. c4 Rd7 27. Ng7+ Kd8
28. Nxf7+ Kc8 29. Ne6 Qb8 30. Nxe5 Rd6 31. Nf7 Rd7 32. Rg1 Qa7 33. c5 Qa6 34.
Qh6 Qd3 35. Qh8+ Bd8 36. Nfxd8 Rh7 37. Qxh7 Qxh7 38. Kh2 Qe4 39. Rg2 Qe5+ 40.
Kg1 Nd5 41. Rd1 Kb8 42. Rg8 Ka7 43. Rg7 Ka6 44. Rg3 Nf4 45. Nxf4 Qxf4 46. Ne6
Qxa4 47. Nc7+ Ka7 48. Nxa8 Qxd1+ 49. Kh2 Kxa8 50. h4 Qd4 51. Rh3 Qxf2+ 52. Kh1
Qxb2 53. h5 Qb1+ 54. Kg2 a4 55. h6 Qe4+ 56. Kg3 Qh7 57. Rh4 a3 58. Ra4+ Kb8 0-1

[Event "chess.com SpeedChess Q2Sw"]
[Site "chess.com INT"]
[Date "2022.11.12"]
[Round "1"]
[White "Sadovsky, Artem"]
[Black "Zhigalko, Sergei"]
[Result "0-1"]
[WhiteTitle "IM"]
[BlackTitle "GM"]
[WhiteElo "2276"]
[BlackElo "2572"]
[WhiteFideId "4155840"]
[BlackFideId "13502956"]
[EventDate "2022.11.12"]

1. Nf3 d5 2. e3 Nf6 3. c4 e6 4. b3 b6 5. Bb2 Bb7 6. Be2 Bd6 7. O-O O-O 8. d4
Nbd7 9. Nc3 a6 10. Rc1 Qe7 11. Qc2 Rac8 12. Qb1 Ne4 13. Nxe4 dxe4 14. Nd2 f5 15.
f3 Nf6 16. Qc2 exf3 17. Bxf3 Ng4 18. Bxb7 Bxh2+ 19. Kh1 Rf6 20. Nf3 Rh6 21. Bxc8
Bf4+ 22. Kg1 Bxe3+ 23. Rf2 Bxf2+ 24. Kf1 Ne3+ 25. Kxf2 Nxc2 26. Rxc2 c6 27. Re2
Qe8 28. Bb7 Qd7 29. Bxa6 Qc7 30. Ne5 Qa7 31. Bc8 Qxa2 32. Nxc6 Qxb3 33. Bxe6+
Rxe6 34. Rxe6 Qxb2+ 35. Kf3 Qc3+ 36. Kf4 Qxc4 37. Ke5 Kf7 38. Nd8+ Kf8 39. Nc6
h6 40. d5 Qc5 41. Nd8 b5 42. Nc6 Kg8 43. Rd6 Kh7 44. Rd7 b4 45. Ke6 b3 46. Ne5
b2 47. Kf7 b1=Q 48. Ng6 Qc8 49. Nf8+ Qxf8+ 50. Kxf8 Qb2 51. g3 Qe5 52. d6 h5 0-1

[Event "chess.com SpeedChess Q2Sw"]
[Site "chess.com INT"]
[Date "2022.11.12"]
[Round "1"]
[White "Matveeva, Olga"]
[Black "Talibov, Shiroghlan"]
[Result "0-1"]
[WhiteTitle "WIM"]
[BlackTitle "FM"]
[WhiteElo "2111"]
[BlackElo "2316"]
[WhiteFideId "24107018"]
[BlackFideId "13429078"]
[EventDate "2022.11.12"]

1. d4 Nf6 2. c4 e6 3. g3 c5 4. d5 exd5 5. cxd5 d6 6. Nc3 g6 7. Bg2 Bg7 8. Nf3
O-O 9. O-O a6 10. a4 Re8 11. Nd2 Nbd7 12. h3 Nh5 13. e4 Ne5 14. Kh2 Nd3 15. f4
Nxc1 16. Rxc1 Rb8 17. a5 Qxa5 18. Nc4 Qd8 19. g4 b5 20. gxh5 bxc4 21. Na4 Bd7
22. Rxc4 Bb5 23. b3 Bxc4 24. bxc4 Rb4 25. hxg6 hxg6 26. e5 dxe5 27. f5 Rxc4 28.
fxg6 fxg6 29. d6 Rd4 30. Qb3+ Kh7 31. Nxc5 e4 32. d7 Re5 33. Ne6 Qxd7 34. Nxd4
Qxd4 35. Qf7 Rg5 36. Kh1 e3 37. Qf3 Re5 38. Qe2 Re7 39. Bf3 Qd6 40. Bg4 Qg3 41.
Rg1 Qe5 42. Re1 a5 43. Qd3 a4 44. Re2 Qa1+ 45. Kg2 Qe5 46. Qa3 Rf7 47. Qd3 Qf4
48. Qd5 Qf1+ 49. Kg3 Qg1+ 50. Kh4 Rf6 51. Qe4 Rf7 52. Qxe3 Bf6+ 0-1

[Event "chess.com SpeedChess Q2Sw"]
[Site "chess.com INT"]
[Date "2022.11.12"]
[Round "1"]
[White "Veiga, Jose Francisco R P Neves"]
[Black "Mikaelyan, Arman"]
[Result "0-1"]
[WhiteTitle "IM"]
[BlackTitle "GM"]
[WhiteElo "2393"]
[BlackElo "2556"]
[WhiteFideId "1930087"]
[BlackFideId "13304852"]
[EventDate "2022.11.12"]

1. Nf3 d5 2. d4 Nf6 3. Bf4 c5 4. e3 Nc6 5. Nbd2 Nh5 6. dxc5 Nxf4 7. exf4 e6 8.
Nb3 Bxc5 9. Nxc5 Qa5+ 10. c3 Qxc5 11. Bd3 Bd7 12. O-O h6 13. Qe2 O-O 14. Rfe1
Rad8 15. Rad1 Rfe8 16. Bb1 Qf8 17. Qe3 a6 18. Ne5 Nxe5 19. fxe5 f5 20. Qb6 Bc6
21. Rd4 Rd7 22. h4 Qe7 23. Re3 Qd8 24. Qxd8 Rexd8 25. f4 Rf8 26. Kf2 a5 27. Bd3
b6 28. Ke1 Bb7 29. Bb5 Rc7 30. Kd2 Rc5 31. Bf1 Rc7 32. Bb5 Kf7 33. Rg3 Bc6 34.
Be2 Rd8 35. Bh5+ Kf8 36. Be2 Be8 37. Re3 Rdc8 38. Rg3 b5 39. Re3 b4 40. g3 Rb8
41. cxb4 axb4 42. Bd1 Ra7 43. Bb3 Ba4 44. Kc2 Rc8+ 45. Kb1 Rb8 46. Bxa4 Rxa4 47.
Rb3 Ke7 48. a3 bxa3 49. Rxb8 Rxd4 50. bxa3 Rd3 51. Kb2 Rxg3 52. a4 Rg2+ 53. Kb3
Rg3+ 54. Kb4 Rg1 55. Rb7+ Kf8 56. Rb6 Kf7 57. h5 Rb1+ 58. Kc5 Rxb6 59. Kxb6 d4
60. a5 d3 61. a6 d2 62. a7 d1=Q 63. a8=Q Qd4+ 64. Kc6 Qd5+ 0-1

[Event "chess.com SpeedChess Q2Sw"]
[Site "chess.com INT"]
[Date "2022.11.12"]
[Round "1"]
[White "Shaik, Sumer Arsh"]
[Black "Jumabayev, Rinat"]
[Result "0-1"]
[WhiteTitle "CM"]
[BlackTitle "GM"]
[WhiteElo "2290"]
[BlackElo "2620"]
[WhiteFideId "45020000"]
[BlackFideId "13702661"]
[EventDate "2022.11.12"]

1. d4 Nf6 2. c4 e6 3. Nc3 Bb4 4. Qc2 c5 5. dxc5 Bxc5 6. Nf3 O-O 7. Bg5 h6 8. Bh4
b6 9. e4 Be7 10. Bd3 Bb7 11. e5 Ne8 12. Bxe7 Qxe7 13. Be4 Nc6 14. O-O d6 15.
Rfe1 Rc8 16. exd6 Nxd6 17. Bd3 Nb4 18. Qe2 Nxd3 19. Qxd3 Nxc4 20. b3 Rfd8 21.
Qe2 Nd6 22. Rac1 Qf6 23. Ne5 Ne4 24. Nxe4 Qxe5 25. Rxc8 Rxc8 26. h3 a5 27. Qd3
Bxe4 28. Qxe4 Qxe4 29. Rxe4 Rc1+ 30. Kh2 Rc2 31. Rd4 Rxf2 32. Rd8+ Kh7 33. Rb8
Rxa2 34. Rxb6 g5 35. Rb5 Kg6 36. Kg3 a4 37. bxa4 Rxa4 38. Rb6 h5 39. Kf3 h4 40.
Rc6 Kf5 41. Rc5+ e5 42. Rb5 f6 43. Rc5 Ra3+ 44. Kf2 Kf4 45. Rc4+ e4 46. Rb4 f5
47. Rc4 Ra2+ 48. Kf1 Rd2 49. Rb4 g4 50. hxg4 Kxg4 51. Rb8 Kf4 52. Rh8 Ke3 53.
Kg1 Rd1+ 54. Kh2 Kd3 55. Rd8+ Ke2 56. Rf8 Rd5 57. Kh3 Kf2 58. Kxh4 Kxg2 59. Kg5
e3 60. Re8 Kf2 61. Ra8 e2 62. Ra2 Kf1 0-1

[Event "chess.com SpeedChess Q2Sw"]
[Site "chess.com INT"]
[Date "2022.11.12"]
[Round "1"]
[White "Sattarov, Bobir"]
[Black "Sellitti, Federico"]
[Result "1-0"]
[WhiteElo "2433"]
[BlackElo "2176"]
[WhiteFideId "14203081"]
[BlackFideId "821829"]
[EventDate "2022.11.12"]

1. e4 c5 2. Nc3 Nc6 3. Nge2 g6 4. d4 cxd4 5. Nxd4 Bg7 6. Be3 Nf6 7. Nxc6 bxc6 8.
e5 Ng8 9. Bd4 Nh6 10. e6 O-O 11. Bxg7 Kxg7 12. Qd4+ f6 13. exd7 Qxd7 14. Qxd7
Bxd7 15. O-O-O Be6 16. Ba6 Rab8 17. Na4 Rfd8 18. Nc5 Bd5 19. Rhe1 e5 20. f3 Nf5
21. a4 Nd4 22. b3 Kf7 23. Kb2 Ne6 24. Nb7 Rd7 25. c4 Rdxb7 26. Bxb7 Rxb7 27.
cxd5 cxd5 28. Rxd5 Nd4 29. Re3 Ke6 30. Rc5 h5 31. Ka3 g5 32. Rc4 Kf5 33. b4 h4
34. b5 h3 35. g3 Rd7 36. Kb4 Ne6 37. Rc2 Nd4 38. Rc8 Ne6 39. Rh8 Nd4 40. Rc3 Ne2
41. Rc4 Rd3 42. Rxh3 Nd4 43. Rh7 Nxf3 44. Rxa7 e4 45. Re7 Ne5 46. b6 Rd1 47. Rc3
Rb1+ 48. Kc5 Nd3+ 49. Kc6 Nb4+ 50. Kd6 Na6 51. a5 Rd1+ 52. Kc6 Ra1 53. Kb5 Nb8
54. Rc5+ Kg6 55. Rxe4 Rb1+ 56. Rb4 Rd1 57. a6 Nd7 58. a7 Nxc5 59. Kxc5 Ra1 60.
Kc6 Ra6 61. Kb7 Ra1 62. a8=Q 1-0

[Event "chess.com SpeedChess Q2Sw"]
[Site "chess.com INT"]
[Date "2022.11.12"]
[Round "1"]
[White "Pranav, V"]
[Black "Dehtiarov, Roman"]
[Result "1-0"]
[WhiteTitle "IM"]
[BlackTitle "FM"]
[WhiteElo "2548"]
[BlackElo "2300"]
[WhiteFideId "25060783"]
[BlackFideId "14186640"]
[EventDate "2022.11.12"]

1. e4 e5 2. Nf3 Nc6 3. Bc4 Nf6 4. Ng5 d5 5. exd5 Na5 6. Bb5+ c6 7. dxc6 bxc6 8.
Bd3 Be7 9. Kf1 O-O 10. Nc3 h6 11. Nf3 Bd6 12. h3 Re8 13. Be2 c5 14. d3 Bb7 15.
Nd2 Nc6 16. Bf3 Qe7 17. Nde4 Nd7 18. Nxd6 Qxd6 19. Nb5 Qb8 20. Be4 Nf6 21. Nc3
Nd4 22. f3 Nh5 23. Kf2 f5 24. Bxb7 Qxb7 25. Re1 Qf7 26. Kg1 Qg6 27. Rf1 Nf4 28.
Bxf4 exf4 29. Qd2 Re3 30. Kh1 Rae8 31. Rf2 Qg3 32. Raf1 R3e5 33. a3 a5 34. Rg1
R8e6 35. Rgf1 Kh7 36. Qd1 Rb6 37. Ne2 Nxe2 38. Rxe2 Rxe2 39. Qxe2 Rxb2 40. a4
Rb4 41. Qe5 Qg6 42. Qxc5 Rxa4 43. d4 Qf6 44. Rd1 Ra2 45. Kh2 a4 46. d5 Ra1 47.
Rxa1 Qxa1 48. d6 Qf6 49. d7 Qg5 50. Kh1 Qf6 51. Qa5 Qg5 52. d8=Q Qg3 53. Qxf5+
Qg6 54. Qxg6+ Kxg6 55. Qd4 Kf5 56. Qxa4 g5 57. Qe4+ Kf6 58. c4 h5 59. c5 g4 60.
c6 Kg5 61. c7 Kh4 62. c8=Q Kg3 63. Qe1# 1-0

[Event "chess.com SpeedChess Q2Sw"]
[Site "chess.com INT"]
[Date "2022.11.12"]
[Round "1"]
[White "Aumann, Welf"]
[Black "Daggupati, Balaji"]
[Result "1-0"]
[WhiteTitle "FM"]
[BlackTitle "GM"]
[WhiteElo "2316"]
[BlackElo "2507"]
[WhiteFideId "4634071"]
[BlackFideId "2090759"]
[EventDate "2022.11.12"]

1. c4 e5 2. Nc3 Nf6 3. Nf3 Nc6 4. a3 a5 5. e3 Be7 6. b3 O-O 7. Bb2 Re8 8. Qc2
Bc5 9. d3 d6 10. Be2 Bf5 11. O-O h6 12. Rfd1 Ba7 13. Rac1 Qd7 14. Nd5 Nh7 15. b4
axb4 16. axb4 Ne7 17. Nc3 c6 18. Ra1 Bb6 19. b5 Nf6 20. Qb3 Qc7 21. Na4 Ba5 22.
b6 Qd7 23. Ra2 Ra6 24. Rda1 Nc8 25. d4 e4 26. Ne1 Nxb6 27. c5 Nxa4 28. Bxa6 Bxe1
29. Rxa4 Bxf2+ 30. Kxf2 bxa6 31. Rxa6 dxc5 32. Ra7 Qd5 33. Qxd5 Nxd5 34. dxc5
Rb8 35. Bd4 Rb4 36. Ra8+ Kh7 37. Rf8 Be6 38. Ra7 Rc4 39. Raa8 Nb4 40. h4 Nd3+
41. Kg3 h5 42. Rh8+ Kg6 43. Rag8 f6 44. Re8 Bf7 45. Re7 Rc2 46. Rc8 Ne1 47. Rcc7
Rxg2+ 48. Kh3 Rg4 49. Rxf7 Kh6 50. Bxf6 gxf6 51. Rh7+ Kg6 52. Rhg7+ Kf5 53. Rxg4
hxg4+ 54. Kg3 Nc2 55. Rxc6 Nxe3 56. Rc7 Nd5 57. Rd7 Nf4 58. c6 e3 59. c7 e2 60.
Re7 Ne6 61. Rxe6 Kxe6 62. c8=Q+ Ke5 63. Qc5+ Ke4 64. Kf2 Kd3 65. Qd5+ 1-0

[Event "chess.com SpeedChess Q2Sw"]
[Site "chess.com INT"]
[Date "2022.11.12"]
[Round "1"]
[White "Harsha, Bharathakoti"]
[Black "Bilan, Danila"]
[Result "1-0"]
[WhiteTitle "GM"]
[BlackTitle "FM"]
[WhiteElo "2582"]
[BlackElo "2303"]
[WhiteFideId "5078776"]
[BlackFideId "24161918"]
[EventDate "2022.11.12"]

1. e4 c6 2. Nf3 d5 3. Nc3 Bg4 4. h3 Bxf3 5. Qxf3 e6 6. Be2 Nd7 7. O-O Ngf6 8. d4
dxe4 9. Nxe4 Nxe4 10. Qxe4 Bd6 11. Rd1 O-O 12. c3 Qc7 13. Bd3 Nf6 14. Qf3 Rad8
15. Bg5 Be7 16. g3 c5 17. dxc5 Qxc5 18. Be3 Qc7 19. Bd4 b6 20. Re1 Bc5 21. Be5
Qd7 22. Rad1 Qe7 23. Bc2 Bd6 24. Bd4 Bc5 25. Be5 Bd6 26. Bxd6 Rxd6 27. Rxd6 Qxd6
28. Rd1 Qc7 29. Qd3 g6 30. Qd4 Qe7 31. Bb3 Rc8 32. h4 h5 33. Bc2 Kg7 34. Rd2 Qc5
35. Qxc5 Rxc5 36. Bb3 b5 37. Kf1 a5 38. a4 Ne4 39. Rd4 Nf6 40. Ke2 Kf8 41. f3
Ke7 42. Ke3 bxa4 43. Rxa4 Nd7 44. Kd2 Ne5 45. Bd1 Rd5+ 46. Kc1 Nc6 47. Be2 Re5
48. Re4 Rxe4 49. fxe4 Kd6 50. Kd2 e5 51. Bc4 Ke7 52. Bd5 Na7 53. Kd3 1-0

[Event "chess.com SpeedChess Q2Sw"]
[Site "chess.com INT"]
[Date "2022.11.12"]
[Round "1"]
[White "Zemlyanskii, Ivan"]
[Black "Miszler, Levente"]
[Result "1/2-1/2"]
[WhiteTitle "FM"]
[BlackTitle "CM"]
[WhiteElo "2237"]
[BlackElo "2276"]
[WhiteFideId "24249971"]
[BlackFideId "763276"]
[EventDate "2022.11.12"]

1. d4 Nf6 2. c4 e6 3. g3 d5 4. Bg2 Be7 5. Nf3 O-O 6. Nc3 dxc4 7. Ne5 Nc6 8. O-O
Nxd4 9. Nxc4 c5 10. Bf4 Nd5 11. Be5 Nxc3 12. bxc3 Nc6 13. Bxc6 bxc6 14. Qa4 Bb7
15. Rfd1 Qc8 16. Bd6 Re8 17. Qa5 Ba6 18. Qxc5 Bxc4 19. Qxc4 Bxd6 20. Rxd6 c5 21.
Rad1 Qc7 22. Rd7 Qe5 23. Rb7 Reb8 24. Rdd7 Rxb7 25. Rxb7 g6 26. e4 Rd8 27. Rxa7
Rd1+ 28. Kg2 Rc1 29. Ra3 Qh5 30. Qd3 Rd1 31. Qe3 Ra1 32. Qf4 Qd1 33. Ra8+ Kg7
34. Qe5+ Kh6 35. Qxc5 Qf1+ 36. Kf3 Qh1+ 37. Kf4 Qc1+ 38. Kg4 Kg7 39. Qe5+ Kh6
40. Qf4+ Qxf4+ 41. Kxf4 Rc1 42. Ra3 Rc2 43. Ke3 e5 44. h3 Kg5 45. f4+ exf4+ 46.
gxf4+ Kh4 47. Kd4 Kxh3 48. Ra7 h5 49. Rxf7 Rxa2 50. Rf6 Rf2 51. Ke5 h4 52. Rxg6
Rc2 53. f5 Rxc3 54. Kf4 Rc1 55. f6 Rf1+ 56. Ke5 Kh2 57. Ke6 h3 58. e5 Kh1 59. f7
h2 60. Ke7 Rxf7+ 61. Kxf7 1/2-1/2